The sufficiency of a worm to the work of an angel : A sermon preach'd at the ordination of the Reverend Mr. John Graham, Jun. to the work of the ministry, and pastoral charge of the Second Church of Christ in Suffield. /

Bibliographic Details
Main Author: Graham, John, 1694-1774
Corporate Author: First Congregational Church (West Suffield, Conn.)
Format: eBook
Language:English
Series:Early American imprints. Evans (1639-1800) ; no. 5782.
Subjects:
Online Access:Evans Digital Edition

MARC

Tag First Indicator Second Indicator Subfields
LEADER 00000cam a2200000 a 4500
001 in00002152113
006 m e d #
007 cr mn mmmmabba
008 820305s1746 mau s 000 0 eng d
005 20260331150830.0
035 |z w022373 
035 |a MAAR8203052908B 
035 |9 mwa91-15210 
035 |a 318879 
035 |a aas03022373 
040 |a MWA  |c MWA  |e bdrb  |d UtOrBLW 
100 1 |a Graham, John,  |d 1694-1774. 
245 1 4 |a The sufficiency of a worm to the work of an angel :  |b A sermon preach'd at the ordination of the Reverend Mr. John Graham, Jun. to the work of the ministry, and pastoral charge of the Second Church of Christ in Suffield. /  |c By his father the Rev. Mr. John Graham, Pastor of the Church of Christ in Southbury, on Wednesday, Octob. 22, 1746. 
264 3 |a Boston: N.E. :  |b Printed by Rogers and Fowle in Queen-Street,  |c [1746] 
300 |a 31 pages, 1 unnumbered page ;  |c 16 cm. (octavo) 
336 |a text  |b txt  |2 rdacontent 
337 |a computer  |b c  |2 rdamedia 
338 |a online resource  |b cr  |2 rdacarrier 
500 |a Half-title: Mr. Graham's sermon at the ordination of his son. 
510 4 |a Evans  |c 5782 
530 |a Microform version available in the Readex Early American Imprints series. 
533 |a Electronic text and image data.  |b [Chester, Vt. :  |c Readex, a division of Newsbank, Inc.,  |d 2002-2004.  |e Includes files in TIFF, GIF and PDF formats with inclusion of keyword searchable text.  |f (Early American imprints. First series ; no. 5782). 
500 |a Electronic resource. 
600 1 0 |a Graham, John,  |d 1722-1796. 
655 7 |a Ordination sermons  |y 1746.  |2 rbgenr 
710 2 |a First Congregational Church (West Suffield, Conn.) 
752 |a United States  |b Massachusetts  |d Boston. 
830 0 |a Early American imprints.  |n Series I,  |p Evans (1639-1800) ;  |v no. 5782. 
856 4 1 |u http://proxy.library.tamu.edu/login?url=https://opac.newsbank.com/select/evans/5782  |y Evans Digital Edition  |t 0 
999 |a MARS 
999 f f |s b78dbd85-69bc-39f1-ad98-7d954a0eecf9  |i 7fd9eaee-4755-3fad-97c8-0e821658d0c8  |t 0 
952 f f |a Texas A&M University  |b College Station  |c Electronic Resources  |s www_evans  |d Available Online  |t 0  |h No information provided 
998 f f |t 0  |l Available Online